|
|
|
|
| LEADER |
00000nam a2200000 i 4500 |
| 001 |
1/38413 |
| 008 |
960116s1991 eng d |
| 020 |
|
|
|a 0-256-08146-8
|
| 035 |
|
|
|l 10024857
|
| 040 |
|
|
|a GR-MY-UA
|b gre
|e aacr
|
| 041 |
0 |
|
|a eng
|
| 082 |
0 |
|
|a 657
|
| 100 |
1 |
|
|a Van Breda, Michael F.
|
| 245 |
1 |
0 |
|a Accounting theory /
|c Eldon S. Hendriksen, Michael F. Van Breda
|
| 250 |
|
|
|a 5th ed.
|
| 260 |
|
|
|a Illinois, Boston :
|b Irwin,
|c 1991
|
| 300 |
|
|
|a 905 σ.
|
| 504 |
|
|
|a Περιλαμβάνει βιβλιογραφικές παραπομπές και ευρετήριο
|
| 650 |
0 |
0 |
|a Accounting.
|
| 700 |
1 |
|
|a Hendriksen, Eldon S.
|
| 852 |
|
|
|a INST
|b CHIOS
|e 19960116
|h 657 HEN
|p 005200001507
|q 005200001507
|t BK
|y 12
|
| 852 |
|
|
|a INST
|b CHIOS
|e 19970401
|h 657 HEN
|p 005200010642
|q 005200010642
|t BK
|y 0
|
| 909 |
|
|
|a Χ
|b 041071
|
| 909 |
|
|
|a Χ
|b 048153
|